<?xml version="1.0" encoding="UTF-8"?>
<collection xmlns="http://www.loc.gov/MARC21/slim">
 <record>
  <leader>01612nam a2200337   4500</leader>
  <controlfield tag="001">DLU170180892</controlfield>
  <controlfield tag="005">##20170911</controlfield>
  <datafield tag="020" ind1="#" ind2="#">
   <subfield code="a">9786047911417</subfield>
  </datafield>
  <datafield tag="040" ind1="#" ind2="#">
   <subfield code="a">DLU</subfield>
   <subfield code="b">vie</subfield>
  </datafield>
  <datafield tag="041" ind1="#" ind2="#">
   <subfield code="a">vie</subfield>
  </datafield>
  <datafield tag="044" ind1="#" ind2="#">
   <subfield code="a">vn</subfield>
  </datafield>
  <datafield tag="082" ind1="#" ind2="#">
   <subfield code="a">658.5</subfield>
   <subfield code="b">DA-T</subfield>
  </datafield>
  <datafield tag="100" ind1="#" ind2="#">
   <subfield code="a">Đặng Minh Trang.</subfield>
  </datafield>
  <datafield tag="245" ind1="#" ind2="#">
   <subfield code="a">Quản trị vận hành hiện đại : </subfield>
   <subfield code="b">Quản trị sản xuất và dịch vụ : Lý thuyết và tình huống thực hành ứng dụng của các công ty Việt Nam /</subfield>
   <subfield code="c">Đặng Minh Trang, Lưu Đan Thọ.</subfield>
  </datafield>
  <datafield tag="260" ind1="#" ind2="#">
   <subfield code="a">H. :</subfield>
   <subfield code="b">Tài chính,</subfield>
   <subfield code="c">2015.</subfield>
  </datafield>
  <datafield tag="300" ind1="#" ind2="#">
   <subfield code="a">486 tr. :</subfield>
   <subfield code="b">bảng biểu ;</subfield>
   <subfield code="c">24 cm.</subfield>
  </datafield>
  <datafield tag="504" ind1="#" ind2="#">
   <subfield code="a">Tài liệu tham khảo: tr.484-486.</subfield>
  </datafield>
  <datafield tag="505" ind1="#" ind2="#">
   <subfield code="a">Chương 1. Tổng quan về quản trị vận hành -- Chương 2. Dự báo -- Chương 3. Thiết kế sản phẩm, dịch vụ và lựa chọn quá trình vận hành -- Chương 4. Hoạch định công suất sản xuất và dịch vụ -- Chương 5. Định vị công ty -- Chương 6. Bố trí mặt bằng sản xuất và kinh doanh dịch vụ -- Chương 7. Hoạch định tổng hợp -- Chương 8. Quản trị tồn kho và hoạch định nhu cầu vật tư MRP -- Chương 9. Điều độ tác nghiệp -- Chương 10. Độ tin cậy và bảo trì máy -- Chương 11. Xếp hàng chờ -- Chương 12. Mô phỏng.</subfield>
  </datafield>
  <datafield tag="650" ind1="#" ind2="#">
   <subfield code="a">Sản xuất.</subfield>
  </datafield>
  <datafield tag="700" ind1="#" ind2="#">
   <subfield code="a">Lưu Đan Thọ.</subfield>
  </datafield>
  <datafield tag="923" ind1="#" ind2="#">
   <subfield code="a">05/2016</subfield>
  </datafield>
  <datafield tag="991" ind1="#" ind2="#">
   <subfield code="a">GT</subfield>
  </datafield>
  <datafield tag="992" ind1="#" ind2="#">
   <subfield code="a">128000</subfield>
  </datafield>
  <datafield tag="994" ind1="#" ind2="#">
   <subfield code="a">DLU</subfield>
  </datafield>
  <datafield tag="900" ind1="#" ind2="#">
   <subfield code="a">True</subfield>
  </datafield>
  <datafield tag="911" ind1="#" ind2="#">
   <subfield code="a">Nguyễn Thanh Hương</subfield>
  </datafield>
  <datafield tag="925" ind1="#" ind2="#">
   <subfield code="a">G</subfield>
  </datafield>
  <datafield tag="926" ind1="#" ind2="#">
   <subfield code="a">A</subfield>
  </datafield>
  <datafield tag="927" ind1="#" ind2="#">
   <subfield code="a">SH</subfield>
  </datafield>
  <datafield tag="980" ind1="#" ind2="#">
   <subfield code="a">Thư viện Trường Đại học Đà Lạt</subfield>
  </datafield>
 </record>
</collection>
